[Event "Titled Tue 17th Jun Late"]
[Site "chess.com INT"]
[Date "2025.06.17"]
[Round "6"]
[White "Buchenau, Frank"]
[Black "Estrada Nieto, Julian"]
[Result "1/2-1/2"]
[WhiteTitle "FM"]
[BlackTitle "IM"]
[WhiteElo "2205"]
[BlackElo "2181"]
[WhiteFideId "4604350"]
[BlackFideId "5101018"]
[EventDate "2025.06.17"]

1. e4 e5 2. Bc4 Nc6 3. Nf3 Bc5 4. c3 Nf6 5. d3 d6 6. O-O a6 7. Bb3 Ba7 8. Nbd2
O-O 9. h3 h6 10. Re1 Re8 11. Nf1 Be6 12. Be3 d5 13. Bxa7 Rxa7 14. exd5 Bxd5 15.
Bxd5 Nxd5 16. d4 e4 17. Ne5 Nf6 18. Nxc6 bxc6 19. Qb3 Qd5 20. Ng3 Raa8 21. Qxd5
cxd5 22. Rac1 Rab8 23. Re2 a5 24. c4 Rb4 25. cxd5 Nxd5 26. Rc5 Rxd4 27. Rxe4
Rexe4 28. Nxe4 Rxe4 29. Rxd5 Re1+ 30. Kh2 Re2 31. Kg3 Rxb2 32. Rxa5 Rc2 33. Ra8+
Kh7 34. a4 c5 35. Rc8 Rc3+ 36. f3 Ra3 37. Rxc5 Rxa4 38. Rc7 Kg6 39. Rc6+ f6 40.
Rc3 h5 41. h4 Ra2 42. Rc7 Re2 43. Rb7 Kh6 44. Rc7 g6 45. Rc6 f5 46. Ra6 Re7 47.
Rb6 Kg7 48. Ra6 Kf7 49. Rb6 Re2 50. Ra6 f4+ 51. Kh3 Re1 52. Kh2 Re5 53. Ra4 Rf5
54. g4 fxg3+ 55. Kxg3 Kg7 56. Ra7+ Kh6 57. Ra6 Rf8 58. Rb6 Rf5 59. Ra6 Rb5 60.
Rc6 Rb1 61. Rd6 Rg1+ 62. Kh2 Rf1 63. Kg3 Rc1 64. Re6 Rc5 65. Rd6 Rf5 66. Re6 Kg7
67. Rd6 Kf7 68. Rc6 Re5 69. Rb6 Re6 70. Rb7+ Kf6 71. Rb4 Kf5 72. Rb5+ Kf6 73.
Rb4 Re5 74. Rb6+ Kf5 75. Rb8 Re6 76. Rf8+ Rf6 77. Rg8 Ke6 78. Rg7 Kf5 79. Rg8
Rd6 80. Rg7 Kf6 81. Rg8 Re6 82. Ra8 Kf7 83. Ra7+ Kf6 84. Ra5 Re5 85. Ra7 Re6 86.
Ra5 Re1 87. Ra8 Rg1+ 88. Kf2 Rd1 89. Kg3 Rd4 90. Ra6+ Kg7 91. Ra8 Kh6 92. Ra7
Rc4 93. Ra6 Rb4 94. Ra8 Rb5 95. Ra6 Rc5 96. Ra8 Rf5 97. Ra7 Rf8 98. Rb7 Rf5 99.
Ra7 Rf8 100. Rb7 Rf5 101. Ra7 1/2-1/2

[Event "Titled Tue 17th Jun Late"]
[Site "chess.com INT"]
[Date "2025.06.17"]
[Round "6"]
[White "Muradli, Mahammad"]
[Black "Papasimakopoulos, Alexandros"]
[Result "1/2-1/2"]
[WhiteTitle "GM"]
[BlackTitle "IM"]
[WhiteElo "2609"]
[BlackElo "2366"]
[WhiteFideId "13409301"]
[BlackFideId "4244125"]
[EventDate "2025.06.17"]

1. b3 d5 2. Bb2 Bg4 3. Nf3 Bxf3 4. gxf3 e6 5. e3 Nf6 6. f4 g6 7. d4 Bg7 8. Nd2
Nbd7 9. Nf3 c5 10. c3 O-O 11. Bd3 a6 12. O-O b5 13. c4 bxc4 14. bxc4 cxd4 15.
Bxd4 Qe7 16. Rc1 Rfc8 17. Qe2 a5 18. cxd5 Nxd5 19. Be4 N7f6 20. Bxf6 Bxf6 21.
Bxd5 exd5 22. Qd3 Rc5 23. Rxc5 Qxc5 24. Rd1 a4 25. Qxd5 Qxd5 26. Rxd5 Bb2 27.
Ne1 a3 28. Nd3 Rc8 29. Kf1 Rc2 30. Nb4 Rc1+ 31. Kg2 Ra1 32. Rd3 Rc1 33. Rb3 Ra1
34. h3 Kg7 35. Kf3 h5 36. Rd3 Rh1 37. Kg2 Ra1 38. Rb3 Kf8 39. Rd3 Ke7 40. Rd5
Bc3 41. Nc6+ Kf6 42. Rd3 Rc1 43. Rd6+ Kg7 44. Rd7 Rc2 45. Rd3 f6 46. Rd7+ Kf8
47. Ra7 Rxa2 48. Kf3 Be1 49. Ke4 Bxf2 50. Nd4 Kg8 51. f5 g5 52. Nc6 g4 53. hxg4
hxg4 54. Ne7+ Kf8 55. Nd5 g3 56. Kf3 g2 57. Ra8+ Kg7 58. Kxg2 Bxe3+ 59. Kf3 Bd4
60. Ke4 Bb2 61. Ra7+ Kh6 62. Kf4 Ra1 63. Ne7 Be5+ 64. Kg4 Rg1+ 65. Kf3 Kg5 66.
Nd5 Rg3+ 67. Ke4 Rg4+ 68. Kf3 Rg3+ 69. Ke4 Rb3 70. Ne3 Rb4+ 71. Kf3 Bd4 72. Rxa3
Bxe3 73. Rxe3 Kxf5 74. Ra3 Kg5 75. Ra5+ f5 76. Ra3 Rh4 77. Kg3 f4+ 78. Kg2 Kg4
79. Ra8 f3+ 80. Kg1 Kg3 81. Rg8+ Kf4 82. Rf8+ Ke3 83. Re8+ Re4 84. Rxe4+ Kxe4
85. Kf2 Kf4 86. Kf1 Ke4 87. Kf2 Kf4 88. Kf1 Ke4 89. Kf2 1/2-1/2

[Event "Titled Tue 17th Jun Late"]
[Site "chess.com INT"]
[Date "2025.06.17"]
[Round "6"]
[White "Halynyazov, Vepaly"]
[Black "Bacus, Dharim"]
[Result "1/2-1/2"]
[BlackTitle "FM"]
[WhiteElo "2189"]
[BlackElo "2131"]
[WhiteFideId "14004020"]
[BlackFideId "5201527"]
[EventDate "2025.06.17"]

1. d4 Nf6 2. c4 e6 3. Nc3 d5 4. Bg5 Be7 5. Nf3 Nbd7 6. e3 h6 7. Bf4 c6 8. cxd5
exd5 9. h3 a5 10. Bd3 O-O 11. Qc2 c5 12. O-O b6 13. Ne5 Bb7 14. Bf5 cxd4 15.
exd4 Nxe5 16. dxe5 Nd7 17. e6 Nc5 18. exf7+ Rxf7 19. Bg3 d4 20. Rad1 Qf8 21.
Bh7+ Kh8 22. Rxd4 Ne6 23. Rdd1 Ng5 24. Bg6 Rf6 25. Be5 Re6 26. f4 Bc5+ 27. Kh2
Nf7 28. Qf5 Re7 29. Bxf7 Rxf7 30. Qg6 Kg8 31. Ne4 Bxe4 32. Qxe4 Re8 33. Qg6 Rf5
34. Rfe1 Qf7 35. Qxf7+ Rxf7 36. Re2 Rxf4 37. Bxf4 Rxe2 38. Rd2 Rxd2 39. Bxd2 Kf7
40. Kg3 Ke6 41. Kf4 a4 42. Bc3 g6 43. Ke4 b5 44. Bg7 h5 45. b3 axb3 46. axb3 Bb6
47. g4 hxg4 48. hxg4 Bc5 49. Bc3 Bb6 50. Bb4 Bf2 51. Bf8 Bb6 52. Bg7 Bc5 53. Bd4
Bd6 54. Be3 Be5 55. Bd2 Bf6 56. Be1 Be5 57. Bh4 Bc3 58. Kd3 Be5 59. Ke4 Bc3 60.
Bg3 Bb2 61. Bc7 Bc3 62. Kf4 Bd2+ 63. Ke4 Bc3 64. Bf4 Bb2 65. Bd2 Bf6 66. Be3 Be5
67. Bc1 Bc3 68. Kf4 Bf6 69. Bd2 Be7 70. Bc3 Bd8 71. Ke4 Bb6 72. Bd4 Bc7 73. Bc5
Be5 74. Bb6 Bc3 75. Bd8 Bb2 76. Kf4 Bc1+ 77. Ke4 Bb2 78. Ba5 Be5 79. Bd2 Bg7 80.
Be3 Be5 1/2-1/2

[Event "Titled Tue 17th Jun Late"]
[Site "chess.com INT"]
[Date "2025.06.17"]
[Round "6"]
[White "Ferreira, Vitor Hugo Vieira"]
[Black "Tang, Benjamin"]
[Result "1/2-1/2"]
[BlackTitle "FM"]
[WhiteElo "2128"]
[BlackElo "2132"]
[WhiteFideId "2119765"]
[BlackFideId "30964342"]
[EventDate "2025.06.17"]

1. e4 e6 2. d4 d5 3. e5 c5 4. c3 Nc6 5. Nf3 Bd7 6. Bd3 cxd4 7. cxd4 Qb6 8. O-O
Nxd4 9. Nxd4 Qxd4 10. Nc3 a6 11. Kh1 Ne7 12. f4 Nc6 13. Qe2 Bc5 14. Bd2 Nb4 15.
Bb1 O-O 16. a3 Nc6 17. Nd1 Ne7 18. Be3 Bb5 19. Qf2 Qc4 20. Bxc5 Qxf1+ 21. Qxf1
Bxf1 22. Bxe7 Rfc8 23. Ne3 Rc1 24. Bxh7+ Kxh7 25. Rxc1 Bd3 26. Rc7 d4 27. Ng4
Be4 28. Bc5 Rd8 29. Nf2 Bc6 30. Kg1 d3 31. Kf1 Rd5 32. Bb4 d2 33. Ke2 Bb5+ 34.
Kd1 Ba4+ 35. Rc2 Bxc2+ 36. Kxc2 Kg6 37. g4 Rd4 38. Bxd2 f6 39. exf6 gxf6 40. Be3
Rc4+ 41. Kd3 Rc6 42. Ne4 f5 43. gxf5+ exf5 44. Nc3 Rd6+ 45. Bd4 Kh5 46. Kc4 Kg4
47. Be5 Rd7 48. Nd5 Rh7 49. Ne3+ Kf3 50. Nxf5 Rxh2 51. Nd4+ Ke4 52. b4 Rh1 53.
a4 Rc1+ 54. Kb3 Rd1 55. Kc4 Rc1+ 56. Kb3 Rd1 57. Kc3 Rc1+ 58. Nc2 Kf5 59. a5 Rh1
60. Kc4 Rh3 61. Ne3+ Rxe3 62. Kc5 Re1 63. Kb6 Rb1 64. Bd6 Rd1 65. Bc5 Rd7 66.
Bg1 Kxf4 67. Bh2+ Ke4 68. Bc7 Kd5 69. Kxb7 Kc4 70. Kc6 Rh7 71. Bd6 Rh6 72. Kd7
Kb5 73. Bc5 Rh5 74. Kc7 Rh7+ 75. Kd6 Rh6+ 76. Kc7 Rc6+ 77. Kb7 Rg6 78. Ka7 Rg7+
79. Kb8 Kc6 80. Ka8 Rd7 81. Kb8 Rd8+ 82. Ka7 Kb5 83. Kb7 Rg8 84. Kc7 Rg5 85. Kb8
Rxc5 86. bxc5 Kxc5 87. Kc7 Kb5 88. Kd6 Kxa5 89. Kc5 Ka4 90. Kc4 Ka3 91. Kc3 a5
92. Kc2 Ka4 93. Kb2 Kb5 94. Ka1 Kc4 95. Ka2 Kb4 96. Ka1 Ka4 97. Ka2 Kb4 98. Ka1
Ka3 99. Kb1 Kb3 100. Ka1 a4 101. Kb1 Kc3 102. Ka1 Kc4 103. Kb1 Kc5 104. Ka1 Kb6
105. Ka2 Ka5 106. Ka3 Kb5 107. Ka2 Kb4 108. Kb2 a3+ 109. Ka2 Ka4 110. Ka1 Kb3
111. Kb1 a2+ 112. Ka1 Ka3 1/2-1/2

[Event "Titled Tue 17th Jun Late"]
[Site "chess.com INT"]
[Date "2025.06.17"]
[Round "6"]
[White "Zuferi, Enis"]
[Black "Piesik, Piotr"]
[Result "0-1"]
[WhiteTitle "FM"]
[BlackTitle "IM"]
[WhiteElo "2339"]
[BlackElo "2436"]
[WhiteFideId "24692530"]
[BlackFideId "1136194"]
[EventDate "2025.06.17"]

1. d4 c5 2. d5 e5 3. e4 d6 4. Nc3 Be7 5. Nf3 a6 6. a4 Bg4 7. h3 Bxf3 8. Qxf3 Bg5
9. Bxg5 Qxg5 10. Qg4 Qxg4 11. hxg4 Ne7 12. Nb1 Kd7 13. Nd2 Kc7 14. Nc4 Nd7 15.
a5 h6 16. f3 g6 17. Bd3 h5 18. gxh5 Rxh5 19. Rxh5 gxh5 20. Kf2 h4 21. Rh1 Ng6
22. Ne3 Rh8 23. Nf5 Nf6 24. Ra1 Nh5 25. Bf1 Nhf4 26. Ra3 h3 27. gxh3 Nxh3+ 28.
Bxh3 Rxh3 29. Kg2 Nf4+ 30. Kg1 Rh8 31. Rb3 Rg8+ 32. Kf1 Rg6 33. Rb6 Rf6 34. b4
cxb4 35. Rxb4 Nxd5 36. Rc4+ Kd7 37. Kf2 Nf4 38. Rb4 Kc7 39. Rc4+ Kd7 40. Rb4 Kc6
41. Rc4+ Kb5 42. Rc7 Kxa5 43. Rxb7 d5 44. Ne3 dxe4 45. Nc4+ Ka4 46. fxe4 Nd3+
47. Ke3 Nc5 48. Rb1 Rf4 49. Nd2 Rh4 50. Ke2 Rh2+ 51. Ke3 Rh3+ 52. Ke2 Ne6 53.
Kd1 Rh1+ 54. Ke2 Rxb1 55. Nxb1 Kb4 56. Kd3 a5 57. c3+ Kb3 58. Nd2+ Ka4 59. Nc4
f6 60. Kc2 Nc5 61. Nd6 Nd7 62. Ne8 Kb5 63. Kd3 Kc5 64. Nc7 a4 65. Ne6+ Kd6 66.
Ng7 Nc5+ 67. Kc4 Nxe4 68. Kb4 a3 69. Kxa3 Nxc3 70. Kb3 Nd5 71. Kc4 Ne7 72. Kd3
f5 73. Nh5 Kd5 74. Ke3 Ng6 75. Kf3 e4+ 76. Ke3 Ke5 77. Ke2 f4 78. Kf2 Kd4 79.
Nf6 Ne5 80. Ke2 e3 81. Nh5 f3+ 82. Kf1 Kd3 83. Ng3 Ng4 84. Kg1 e2 85. Nf1
exf1=Q+ 86. Kxf1 Ke3 87. Kg1 f2+ 88. Kf1 Nh2+ 89. Kg2 f1=Q+ 90. Kg3 Qf3+ 91. Kh4
Qg4# 0-1

[Event "Titled Tue 17th Jun Late"]
[Site "chess.com INT"]
[Date "2025.06.17"]
[Round "6"]
[White "Orlov, Georgi"]
[Black "Damaraju, Ashwin"]
[Result "1/2-1/2"]
[WhiteTitle "IM"]
[WhiteElo "2438"]
[BlackElo "2084"]
[WhiteFideId "2011271"]
[BlackFideId "39908348"]
[EventDate "2025.06.17"]

1. d4 Nf6 2. Nf3 g6 3. c4 Bg7 4. Nc3 O-O 5. e4 d6 6. Be2 e5 7. dxe5 dxe5 8. Qxd8
Rxd8 9. Bg5 Re8 10. Nd5 Nxd5 11. cxd5 c6 12. Bc4 cxd5 13. Bxd5 Nd7 14. Nd2 Nc5
15. Be3 Nd3+ 16. Ke2 Nf4+ 17. Bxf4 exf4 18. Nc4 Bd7 19. a4 Rab8 20. Nd6 Re7 21.
Nc4 b5 22. axb5 Bxb5 23. Kf3 Bxc4 24. Bxc4 Rxb2 25. Rab1 Rc7 26. Rxb2 Bxb2 27.
Bd5 Rc2 28. Rd1 Kf8 29. Rd3 g5 30. Bb3 Rc3 31. Rxc3 Bxc3 32. Kg4 Bd2 33. f3 h6
34. h4 f6 35. Kf5 Ke7 36. hxg5 hxg5 37. e5 Bc3 38. e6 a5 39. Ke4 Be5 40. Kd5 Bd6
41. Kc6 Be5 42. Kd5 Bc3 43. Ke4 Bb4 44. Kf5 Bd6 45. Ke4 Bc7 46. Kd5 Bb6 47. Ba4
f5 48. Ke5 g4 49. Kxf5 gxf3 50. gxf3 Be3 51. Ke4 Kxe6 52. Bb3+ Kd6 53. Kd3 Kc5
54. Bf7 Kb4 55. Be6 Ka3 56. Kc2 Kb4 57. Bf7 a4 58. Be6 a3 59. Bf7 Ka4 60. Bb3+
Kb4 61. Ba2 Bd4 62. Kd3 Bb2 63. Be6 Bc1 64. Kc2 Be3 65. Bf7 Kc5 66. Kd3 Kd6 67.
Ba2 Ke5 68. Bc4 Kf5 69. Ba2 Kg5 70. Ke2 Kh4 71. Bb3 Kg3 72. Ba2 Kg2 73. Bb3 Kg3
74. Ba2 Kh4 75. Bb3 Kg5 76. Ba2 Kf5 77. Kd3 Ke5 78. Bb3 Kd6 79. Kc4 Ke5 80. Ba2
Kf5 81. Kd3 1/2-1/2

[Event "Titled Tue 17th Jun Late"]
[Site "chess.com INT"]
[Date "2025.06.17"]
[Round "6"]
[White "Demirtas, Alper"]
[Black "Borisov, Yuri"]
[Result "1/2-1/2"]
[WhiteTitle "CM"]
[BlackTitle "FM"]
[WhiteElo "2205"]
[BlackElo "2285"]
[WhiteFideId "44576781"]
[BlackFideId "1503928"]
[EventDate "2025.06.17"]

1. Nf3 e6 2. b3 f5 3. d4 Nf6 4. Bb2 d5 5. c4 c6 6. e3 Bd6 7. Be2 O-O 8. O-O b6
9. Nbd2 Bb7 10. Rc1 Nbd7 11. Qc2 Ne4 12. Ne1 Qh4 13. Ndf3 Qh6 14. Nd3 g5 15.
Nfe5 Ndf6 16. f3 g4 17. fxe4 Qxe3+ 18. Kh1 fxe4 19. Nf4 g3 20. h3 Bxe5 21. dxe5
Nd7 22. Nxe6 Rf2 23. Rce1 Nc5 24. Bc1 Qxe2 25. Qxe2 Rxe2 26. Rxe2 Nxe6 27. cxd5
cxd5 28. Re3 d4 29. Rxg3+ Kh8 30. Rf6 Bd5 31. Bb2 e3 32. Rxe6 e2 33. Rd6 e1=Q+
34. Kh2 Qd2 35. Ba1 Rg8 36. Rxg8+ Bxg8 37. Bxd4 Be6 38. Rd8+ Kg7 39. Rd6 Kf7 40.
h4 Qe2 41. Bc3 Qg4 42. Bd4 Qxh4+ 43. Kg1 Qe1+ 44. Kh2 Qh4+ 45. Kg1 Qe1+ 46. Kh2
Qe4 47. Bf2 Bd5 48. Rf6+ Ke7 49. Rf3 Qxf3 50. gxf3 Bxf3 51. Kg3 Bd5 52. Kf4 Ke6
53. b4 h5 54. a3 Bc4 55. Bh4 Be2 56. Bd8 Bg4 57. Bc7 Kd7 58. Bb8 Kc6 59. Bxa7 b5
60. Bc5 Kd5 61. Bf2 Ke6 62. Bh4 Bd1 63. Bf6 Bg4 64. Kg5 Bd1 65. Kh4 Be2 66. Bd8
Bd1 67. Bf6 Be2 68. Bg7 Bd1 69. Kg5 Be2 70. Kf4 Bd1 71. Bf6 Be2 72. Ke3 Bd1 73.
Kd4 Be2 74. Kc5 Bf1 75. Kd4 Be2 76. Ke3 Bd1 77. Kd3 Bg4 78. Kd2 Bf3 79. Kc2 Be2
80. Kc3 Kd5 81. Kd2 Bf3 82. Ke3 Bg4 83. Kf4 Ke6 84. Ke4 Be2 85. Kd4 Bd1 86. Kd3
Kd5 87. Bg7 h4 88. Ke3 h3 89. Kf2 Bg4 90. Kg3 Bf5 91. Bf6 Be6 92. Kh2 Bd7 93.
Kg3 Be6 94. Kh2 Bd7 95. Bg7 Be6 96. Bh8 Bd7 97. Bg7 Be6 98. Bf6 1/2-1/2

[Event "Titled Tue 17th Jun Late"]
[Site "chess.com INT"]
[Date "2025.06.17"]
[Round "6"]
[White "Krawczyk, Flawian"]
[Black "Mitrabha, Guha"]
[Result "1/2-1/2"]
[WhiteTitle "CM"]
[BlackTitle "GM"]
[WhiteElo "2247"]
[BlackElo "2515"]
[WhiteFideId "21881413"]
[BlackFideId "5057000"]
[EventDate "2025.06.17"]

1. e4 Nc6 2. Nf3 d6 3. d4 Bg4 4. c3 a6 5. h3 Bxf3 6. Qxf3 g6 7. Bc4 e6 8. O-O
Bg7 9. Qe2 Nge7 10. Bd3 e5 11. d5 Nb8 12. c4 O-O 13. Nc3 Nd7 14. Be3 f5 15. f3
Rf7 16. b4 Qf8 17. c5 Bh6 18. Bf2 Bf4 19. c6 bxc6 20. dxc6 Nb6 21. Bxa6 Nxc6 22.
Bc4 Nd4 23. Bxf7+ Qxf7 24. Qd3 c5 25. bxc5 dxc5 26. Ne2 Bh6 27. Nxd4 exd4 28.
Qc2 Na4 29. exf5 gxf5 30. Rfe1 Bg7 31. Bg3 f4 32. Qe4 Rf8 33. Bf2 Nc3 34. Qc6 c4
35. a4 d3 36. a5 d2 37. Rf1 Ne2+ 38. Kh2 Bxa1 39. Rxa1 c3 40. a6 Nc1 41. a7 d1=Q
42. a8=Q Qd2 43. Qa5 Nb3 44. Qg5+ Kh8 45. Ra3 Qxf2 46. Qxc3+ Nd4 47. Ra4 Qd7 48.
Qe5+ Qg7 49. Qxg7+ Kxg7 50. Rxd4 Rf6 51. Rd7+ Kg6 52. Qd3+ Kg5 53. Rg7+ Rg6 54.
Qd5+ Kh6 55. Rxg6+ hxg6 56. Qg8 Qg3+ 57. Kg1 Qe1+ 58. Kh2 Kg5 59. h4+ Qxh4+ 60.
Kg1 Qe1+ 61. Kh2 Qe7 62. Qh8 Qd7 63. Qe5+ Qf5 64. Qe7+ Kh6 65. Qd8 Qh5+ 66. Kg1
Qc5+ 67. Kh2 Qe5 68. Qg8 Kg5 69. Kg1 Qe1+ 70. Kh2 Qe7 71. Qh8 Kf5 72. Qh3+ Kf6
73. Qc8 Qe5 74. Qc6+ Kf5 75. Qc8+ Kg5 76. Qg4+ Kh6 77. Qc8 Qh5+ 78. Kg1 Qd5 79.
Qh8+ Kg5 80. Kh2 Qd7 81. Qf8 Qh7+ 82. Kg1 Qa7+ 83. Kh2 Qd4 84. Qe7+ Qf6 85. Qc5+
Kh4 86. Qc8 Kh5 87. Qh3+ Qh4 88. Qxh4+ Kxh4 89. Kh1 Kg3 90. Kg1 g5 91. Kf1 Kh2
92. Kf2 Kh1 93. Kf1 Kh2 94. Kf2 Kh1 95. Kf1 Kh2 1/2-1/2

[Event "Titled Tue 17th Jun Late"]
[Site "chess.com INT"]
[Date "2025.06.17"]
[Round "6"]
[White "George Samir, David"]
[Black "Ambartsumian, Tyhran"]
[Result "0-1"]
[WhiteTitle "FM"]
[BlackTitle "CM"]
[WhiteElo "2356"]
[BlackElo "2244"]
[WhiteFideId "10657789"]
[BlackFideId "34161112"]
[EventDate "2025.06.17"]

1. e4 e5 2. Nf3 Nc6 3. Bb5 a6 4. Ba4 Nf6 5. O-O Be7 6. Re1 b5 7. Bb3 O-O 8. a4
b4 9. a5 d6 10. d3 Be6 11. Nbd2 Rb8 12. h3 Qc8 13. Ng5 Bxb3 14. Nxb3 h6 15. Nf3
Re8 16. d4 Bf8 17. d5 Ne7 18. Nh2 Ng6 19. Be3 c6 20. dxc6 Qxc6 21. f3 Rec8 22.
Re2 d5 23. exd5 Nxd5 24. Bf2 Ndf4 25. Rd2 Be7 26. Ng4 Rd8 27. Bb6 Rxd2 28. Qxd2
h5 29. Nxe5 Nxh3+ 30. gxh3 Nxe5 31. Nd4 Qd5 32. f4 Rxb6 33. axb6 Bc5 34. fxe5
Bxd4+ 35. Kf1 Qh1+ 36. Ke2 Qe4+ 37. Kf1 Bxb6 38. Qg2 Qf5+ 39. Ke2 Qxe5+ 40. Kd3
Qd4+ 41. Ke2 g6 42. Qf3 Qxb2 43. Rxa6 Qe5+ 44. Kd1 Qd4+ 45. Qd3 Qg1+ 46. Kd2
Qf2+ 47. Kc1 Bd4 48. Kb1 Bc3 49. Ka2 Kg7 50. Kb3 Qe1 51. Kc4 Qh1 52. Qd5 Qf1+
53. Qd3 Qf4+ 54. Kb3 Qc1 55. Ra7 Qb1+ 56. Kc4 Qg1 57. Qd5 Qf1+ 58. Kb3 Qf4 59.
Rd7 h4 60. Qd6 Qf1 61. Qd5 Qb1+ 62. Kc4 Qa2+ 63. Kd3 Qxd5+ 64. Rxd5 f5 65. Ke3
Kf6 66. Kf3 g5 67. Rd6+ Ke5 68. Rg6 Bd2 69. Rb6 Kd4 70. Rb5 Kc3 71. Rxf5 Kxc2
72. Rc5+ Kb2 73. Ke2 Bf4 74. Kd3 b3 75. Kc4 Kc2 76. Kb4+ Kb2 77. Ka4 Ka2 78. Ra5
b2 79. Kb4+ Kb1 80. Kb3 Kc1 81. Rc5+ Kb1 82. Rc2 Be5 83. Rf2 Kc1 84. Rf1+ Kd2
85. Rf2+ Ke3 86. Rg2 Kf3 87. Rg4 b1=Q+ 88. Kc4 Qe4+ 89. Rxe4 Kxe4 90. Kc5 g4 91.
Kc6 gxh3 92. Kd7 h2 93. Ke6 Bf6 94. Kf7 Be7 95. Kg8 Kf5 96. Kh7 Kg5 97. Kg7 h1=Q
98. Kf7 Qd5+ 99. Ke8 Qc6+ 100. Kf7 Qd7 101. Kg8 Bf6 102. Kf8 Qe7+ 0-1

[Event "Titled Tue 17th Jun Late"]
[Site "chess.com INT"]
[Date "2025.06.17"]
[Round "6"]
[White "Salinas Herrera, Pablo"]
[Black "Graif, William"]
[Result "1/2-1/2"]
[WhiteTitle "GM"]
[BlackTitle "FM"]
[WhiteElo "2447"]
[BlackElo "2211"]
[WhiteFideId "3407128"]
[BlackFideId "2609835"]
[EventDate "2025.06.17"]

1. d4 Nf6 2. Nf3 e6 3. Bf4 Ne4 4. Nbd2 d5 5. e3 g5 6. Bg3 h5 7. h4 Nxg3 8. fxg3
g4 9. Ng1 c5 10. c3 Qc7 11. Ne2 Nc6 12. Nf4 Bd7 13. Bb5 O-O-O 14. O-O Bd6 15. a3
Kb8 16. b4 c4 17. e4 dxe4 18. Nxe4 Be7 19. Qe1 f5 20. Nc5 Bxc5 21. bxc5 Rhe8 22.
Ng6 e5 23. Qf2 exd4 24. cxd4 a6 25. Bxc4 Bc8 26. Rad1 Re4 27. d5 Rxc4 28. dxc6
Rxd1 29. Rxd1 Qxc6 30. Kh2 Qxc5 31. Qf4+ Rxf4 32. Nxf4 Qxa3 33. Nxh5 a5 34. Nf4
a4 35. h5 Qf8 36. Rd4 a3 37. Ra4 b5 38. Ra5 Bd7 39. Nd5 b4 40. Nb6 Kc7 41. Nd5+
Kd6 42. Nxb4 Ke6 43. Ra6+ Ke5 44. Nd3+ Ke4 45. Nf4 Qf7 46. Rxa3 Be8 47. Ra2 Bd7
48. Re2+ Kd4 49. Rd2+ Kc3 50. Rd3+ Kc2 51. Rd6 Qh7 52. Rg6 Be8 53. Rg5 Kd2 54.
Kg1 Qh6 55. Rg8 Bxh5 56. Rd8+ Kc3 57. Nd5+ Kb3 58. Rb8+ Kc4 59. Nf4 Qd6 60. Rb1
Bf7 61. Rc1+ Kb3 62. Rb1+ Kc2 63. Rf1 Qd4+ 64. Kh2 Bd5 65. Re1 Be4 66. Re2+ Kc3
67. Ra2 Qe3 68. Ra3+ Kd2 69. Rxe3 Kxe3 70. Kg1 Kd2 71. Kf2 Bc6 72. Ne6 Be4 73.
Ng7 Kd3 74. Nh5 Kd4 75. Nf4 Bc6 76. Ke2 Ke4 77. Kf2 Kd4 78. Ne2+ Ke4 79. Nc3+
Kd4 80. Na2 Ke4 81. Nb4 Bb7 82. Nc2 f4 83. gxf4 Kxf4 84. g3+ Kg5 85. Ke3 Kf5 86.
Nd4+ Ke5 87. Nb5 Bc6 88. Nc3 Bb7 89. Ne2 Bc6 90. Nf4 Bb7 91. Nd3+ Kf5 92. Kd4
Ba8 93. Nb4 Bb7 94. Nc2 Ba8 95. Ne3+ Kg5 96. Ke5 Bf3 97. Nf5 Be2 98. Nd6 Bf3 99.
Nf7+ Kg6 100. Nd8 Kg5 101. Ne6+ Kg6 102. Kf4 Bd1 103. Nd4 Kf6 104. Nc6 Be2 105.
Ne5 Bd1 106. Nd3 Be2 107. Nf2 Bf3 108. Nd3 Be2 109. Nc5 Bf3 110. Nd7+ Ke6 111.
Ne5 Bd1 112. Nxg4 Kf7 113. Ne5+ Kg7 114. Kg5 Be2 115. Ng4 Bxg4 116. Kxg4 Kg6
117. Kf4 Kf6 118. Kg4 Kg6 119. Kf4 Kf6 120. Kg4 Kg6 1/2-1/2

[Event "Titled Tue 17th Jun Late"]
[Site "chess.com INT"]
[Date "2025.06.17"]
[Round "6"]
[White "Niemann, Hans Moke"]
[Black "Sarana, Alexey"]
[Result "1/2-1/2"]
[WhiteTitle "GM"]
[BlackTitle "GM"]
[WhiteElo "2736"]
[BlackElo "2686"]
[WhiteFideId "2093596"]
[BlackFideId "24133795"]
[EventDate "2025.06.17"]

1. e4 c5 2. Nf3 d6 3. d4 cxd4 4. Qxd4 Nf6 5. Be2 Nc6 6. Qe3 g6 7. h3 Bg7 8. O-O
O-O 9. Rd1 Qb6 10. Qxb6 axb6 11. Nc3 Be6 12. a3 Nd7 13. Nd5 Bxd5 14. exd5 Nb4
15. Bg5 Bxb2 16. Rab1 Bxa3 17. Bxe7 Rfe8 18. Bxd6 Rxe2 19. Bxb4 Bxb4 20. Rxb4
Rxc2 21. Re4 Nf6 22. Re7 Rd8 23. d6 Rc6 24. Rxb7 Rcxd6 25. Rxd6 Rxd6 26. Ne5 Rd5
27. Rxb6 Ne4 28. Ng4 Kg7 29. f3 Rd1+ 30. Kh2 Nd2 31. Kg3 Ra1 32. Rb2 Nc4 33. Rc2
Nd6 34. Ne3 h5 35. Kf2 Ra6 36. h4 Ra4 37. g3 Nb5 38. Rc4 Ra2+ 39. Rc2 Ra3 40.
Rd2 Nc3 41. Nc4 Ra4 42. Ne5 Ra5 43. Nc4 Rc5 44. Ne3 Nb5 45. Rc2 Re5 46. Rd2 Re7
47. g4 hxg4 48. fxg4 Nc3 49. Kf3 Ne4 50. Rd4 Nf6 51. g5 Nh5 52. Ng4 Ra7 53. Ne5
Ra3+ 54. Kf2 Ra2+ 55. Kf3 Ra3+ 56. Kf2 Ra5 57. Ng4 Ra2+ 58. Kf3 Ra3+ 59. Kf2
Ra2+ 60. Kf3 Ra5 61. Kf2 Rf5+ 62. Ke3 Rf1 63. Rd8 Rh1 64. Ne5 Rh3+ 65. Nf3 Ng3
66. Kf2 Nf5 67. Kg2 Rg3+ 68. Kf2 Rg4 69. Rd5 Rf4 70. Ke2 Ra4 71. Kf2 Nxh4 72.
Nxh4 Rxh4 73. Kg3 Re4 74. Kf3 Rc4 75. Rd8 Rb4 76. Kg3 Re4 77. Kf3 Re1 78. Kg3
Rg1+ 79. Kf4 Rf1+ 80. Kg4 Rf5 81. Re8 Rb5 82. Rd8 Rb1 83. Re8 Rh1 84. Rc8 Rh8
85. Rc7 Rd8 86. Kf4 Kf8 87. Rb7 Rd4+ 88. Kf3 Ke8 89. Ra7 Rd7 90. Ra6 Ke7 91. Kf4
Rd6 92. Ra5 Ke6 93. Re5+ Kd7 94. Re3 Rd5 95. Kg4 Kd6 96. Rf3 Ke6 97. Rf6+ Ke7
98. Rf3 Rd4+ 99. Kg3 Re4 100. Rf2 Re5 101. Kg4 Re6 102. Kg3 Rd6 103. Kg4 Rd7
104. Kg3 Ke6 105. Kg4 Rd4+ 106. Kg3 Rd5 107. Rf6+ Ke7 108. Kg4 Rd1 109. Rf3 Rg1+
110. Kf4 Rg2 111. Ra3 Rf2+ 112. Kg4 Re2 113. Ra7+ Ke6 114. Kf4 Rf2+ 115. Kg4
Rg2+ 116. Kf4 Rd2 117. Ra6+ Rd6 118. Ra4 Rc6 119. Re4+ Kd6 120. Kg4 Rc5 121. Rf4
Ke6 122. Rf6+ Ke7 1/2-1/2

[Event "Titled Tue 17th Jun Late"]
[Site "chess.com INT"]
[Date "2025.06.17"]
[Round "6"]
[White "Kravtsiv, Martyn"]
[Black "Kramnik, Vladimir"]
[Result "1/2-1/2"]
[WhiteTitle "GM"]
[BlackTitle "GM"]
[WhiteElo "2598"]
[BlackElo "2753"]
[WhiteFideId "14113147"]
[BlackFideId "4101588"]
[EventDate "2025.06.17"]

1. e4 e6 2. d4 d5 3. exd5 exd5 4. Nf3 Nf6 5. Bd3 Bd6 6. O-O O-O 7. Bg5 h6 8. Bh4
Re8 9. Nbd2 c6 10. c4 Bg4 11. Qb3 Nbd7 12. Qxb7 Rb8 13. Qxc6 Rb6 14. Qa4 Rxb2
15. Rab1 Rxb1 16. Rxb1 g5 17. Bg3 Bxg3 18. hxg3 dxc4 19. Nxc4 Bxf3 20. gxf3 Nc5
21. Qd1 Ne6 22. Ne3 Nxd4 23. Kg2 Re7 24. Qh1 Kg7 25. Rb4 Re5 26. Qd1 Nc6 27. Rc4
Ne7 28. Qa1 Qd6 29. Be4 Qe6 30. Ra4 a5 31. Bc2 Ned5 32. Nxd5 Qxd5 33. Rd4 Qc5
34. Bb3 Re7 35. Qd1 Qe5 36. Qd2 Qe1 37. Qxe1 Rxe1 38. Rd6 Re5 39. Ra6 Re7 40.
Rxa5 Rc7 41. Rb5 Ra7 42. a4 Ne8 43. a5 Nd6 44. Rd5 Nb7 45. Rd7 Nxa5 46. Rxa7
Nxb3 47. Rc7 Nd4 48. Rc4 Ne6 49. Kf1 Kg6 50. Ke2 Kf5 51. Ke3 h5 52. Ra4 f6 53.
Ra5+ Kg6 54. Ke4 Ng7 55. Ra6 h4 56. g4 Ne8 57. f4 gxf4 58. Kxf4 Ng7 59. f3 Kf7
60. Ra5 Kg6 61. Rb5 Ne6+ 62. Ke3 h3 63. Kf2 Nf4 64. Kg3 Ne2+ 65. Kxh3 Nd4 66.
Rc5 Nxf3 67. Kg3 Ng5 68. Kh4 Nf3+ 69. Kg3 Ng5 70. Ra5 Ne6 71. Ra6 Ng5 72. Kf4
Nh3+ 73. Kf3 Ng5+ 74. Kg3 Ne4+ 75. Kf4 Ng5 76. Ra5 Nh3+ 77. Ke3 Ng5 78. Rf5 Nh3
79. Ke4 Ng5+ 80. Kd5 Nf7 81. Ke6 Ng5+ 82. Ke7 Ne4 83. Rf4 Ng3 84. Rf3 Ne4 85.
Rf4 Ng3 86. Rxf6+ Kg5 87. Ke6 Kxg4 88. Ke5 Nh5 89. Rg6+ Kf3 90. Rh6 Ng3 91. Rg6
Ne2 92. Rf6+ Ke3 93. Rh6 Kf3 94. Rh3+ Kg4 95. Re3 Ng3 96. Kf6 Kf4 97. Ra3 Ne4+
98. Ke6 Ng3 99. Kd5 Nf5 100. Ra4+ Kf3 101. Ke5 Ne3 102. Ra3 Kf2 103. Ke4 Ng2
104. Ra2+ Kg3 105. Rb2 Nh4 106. Rb3+ Kg4 107. Rb1 Kg3 108. Rb3+ Kg4 109. Rb8 Kg3
110. Rg8+ Kf2 111. Rg7 Ng2 112. Rf7+ Kg3 113. Rf3+ Kg4 114. Rf2 Nh4 115. Re2 Kg3
116. Re3+ Kg4 117. Rd3 Nf5 118. Ke5 Ng3 119. Rd4+ Kf3 120. Re4 Nxe4 1/2-1/2

[Event "Titled Tue 17th Jun Late"]
[Site "chess.com INT"]
[Date "2025.06.17"]
[Round "7"]
[White "Perry, Patrick"]
[Black "Dauer, Andre Leonardo"]
[Result "1-0"]
[BlackTitle "CM"]
[WhiteElo "2296"]
[BlackElo "2138"]
[WhiteFideId "30917727"]
[BlackFideId "2126915"]
[EventDate "2025.06.17"]

1. e4 e6 2. d4 d5 3. Nc3 Nf6 4. e5 Nfd7 5. f4 c5 6. Nf3 Nc6 7. Be3 cxd4 8. Nxd4
Bc5 9. Qd2 O-O 10. Nd1 Qb6 11. c3 f6 12. Nxe6 Bxe3 13. Nxe3 Re8 14. Nxd5 Qa5 15.
Nec7 Rd8 16. Nxa8 fxe5 17. Bc4 Kh8 18. O-O 1-0